00310nam a2200109Ia 4500008004100000082001700041100002100058245004400079260005200123300001000175600001500185250527s9999 xx 000 0 und d a891.4391 PUR aPuri, Afsar maah 0aSokhi Pattian (سوکھی پتّیاں) akarachi:bAfsar Mahpoori Memorial Academyc1999 a180p. aLiterature